National security in the Third World (Registro nro. 90715)
[ vista simple ]
| 000 -ENCABEZADO | |
|---|---|
| Número de control [NR] | 00766nam a22002057a 4500 |
| 008 - DE LONGITUD FIJA DE DATOS DE ELEMENTOS - INFORMACIÓN GENERAL | |
| Elementos de longitud fija [NR] | 130821s1985 xxua gr eng |
| 020 ## - NUMERO INTERNACIONAL NORMALIZADO PARA LIBROS [R] | |
| Número Internacional Normalizado del libro [NR] | 0865318344 |
| 040 ## - FUENTE DE CATALOGACION [NR] | |
| Agencia de catalogación original [NR] | Co-BoUCM |
| Idioma de catalogación [NR] | spa |
| 041 00 - CODIGO DE IDIOMA [R] | |
| Código de idioma para texto/pista de sonido o título separado [R] | Inglés |
| 100 2# - ASIENTO PRINCIPAL--NOMBRE PERSONAL [NR] | |
| Nombre personal [NR] | Al-Mashat, Abdul-Monem M. |
| ID Autoridad | 171525 |
| 245 10 - MENCION DE TITULO [NR] | |
| Título [NR] | National security in the Third World |
| Mención de responsabilidad, etc. [NR] | Abdul-Monem M. Al-Mashat. |
| 260 ## - PUBLICACION, DISTRIBUCION, ETC. (PIE DE IMPRENTA) [R] | |
| Lugar de publicación, distribución, etc. [R] | Boulder (Colorado, Estados Unidos) |
| Nombre del editor, distribuidor, etc. [R] | Westview Press |
| Fecha de publicación, distribución, etc. [R] | 1985 |
| 300 ## - DESCRIPCION FISICA [R] | |
| Extensión [R] | xvii, 153 páginas |
| Otros detalles físicos [NR] | ilustraciones |
| 504 ## - NOTA DE BIBLIOGRAFIA, ETC. [R] | |
| Nota de bibliografía, etc. [NR] | |
| 650 04 - ASIENTO SECUNDARIO DE MATERIA - TERMINO TEMATICO [R] | |
| Término temático o nombre geográfico como elemento de entrada [NR] | Ciencia militar |
| 9 (RLIN) | 10776 |
| 651 #7 - ASIENTO SECUNDARIO DE MATERIA - NOMBRE GEOGRAFICO [R] | |
| Nombre geográfico [NR] | Países desarrollados |
| Subdivisión general [R] | Seguridad nacional |
| 9 (RLIN) | 26672 |
| 651 #7 - ASIENTO SECUNDARIO DE MATERIA - NOMBRE GEOGRAFICO [R] | |
| Nombre geográfico [NR] | Países en desarrollo |
| Subdivisión general [R] | Seguridad nacional |
| 9 (RLIN) | 447 |
| 942 ## - ELEMENTOS DE ENTRADA AGREGADOS (KOHA) | |
| Tipo de ítem principal el descrito en 300a | Libro |
| Tema principal | Ciencia política |
| Edición | 1 |
| Parte restante de la signatura top. | A316n |
| Sistema de clasificación | DEWEY |
| Clasificación | 355.03 |
| Fecha de último préstamo | Total préstamos | Total Renewals | Signatura topográfica | Código de barras | Última vez visto | Ejemplar | Price effective from | Tipo de ítem | Perdido | Sistema de clasificación | Dañado | No prestable | Tipo de ítem específico | Suprimido | Ubicación habitual | Ubicación actual | Localización | Fecha de creación | Forma de adquisición | Costo |
|---|---|---|---|---|---|---|---|---|---|---|---|---|---|---|---|---|---|---|---|---|
| 06/02/2018 | 9 | 2 | 355.03 A316n | 100076124 | 09/12/2025 | Ej.1 | 03/02/2013 | Libro | DEWEY | Libro | Claustro | Claustro | 2do piso | 28/02/2006 | Compra | 80605.00 |